000 00403nam a2200157Ia 4500
003 GCL
008 140319s9999 xx 000 0 eng d
040 _aGCL /
_cGCL
082 0 4 _a738.3
_bD N
100 1 _aDORMER, PETER
245 1 0 _aTHE NEW CERAMICS: TRENDS+ TRADITIONS /
_cDORMER, PETER
260 _a[S.N] :
_bTHAMES AND HUDSON ،
_c1994
300 _a232
650 0 4 _aCERAMICS
942 _2ddc
_cBK
999 _c24682
_d24682